000 00352nam a2200133Ia 4500
008 240624s9999 xx 000 0 und d
041 _aeng
082 _a658.5 NAR
100 _aNARAYANAN V K
245 _aMANAGING TECHNOLOGY AND INNOVATION FOR C
260 _c2003
_aNew Delhi
_bPearson Education
300 _axviii, : 510 : p. : cm. ; 25
365 _cRS
999 _c495
_d495